Central Library OPAC University of Rajshahi

انتخابات شبلى : يعنى مولانا شبلى كى شعر العجم اور موازنه كا انتخاب جس مين كلام كى حسن وقبح اور عيب وهنر اور شعر كى حقيقت اور اصول تنقيد كى تشريح كى گئى هى # # aintikhabat shublaa : yuenaa mwlana shublaa kaa shier aleajam awr mawazinah ka aintikhab jasi min[sic] kalam kaa hasan waqubh awr eayb wahinr awar shaer kaa haqiqat awr aswl tanqid kaa tashrih kaa gya haaا / (Record no. 80489)

MARC details
000 -LEADER
fixed length control field 01321nam a2200229 4500
003 - CONTROL NUMBER IDENTIFIER
rucl marc code BD-RjUL
005 - DATE AND TIME OF LATEST TRANSACTION
control field 20250723102640.0
008 - FIXED-LENGTH DATA ELEMENTS--GENERAL INFORMATION
fixed length control field 221003s1982 pk ||||| |||| 00| 0 urd d
035 ## - SYSTEM CONTROL NUMBER
System control number (BD-RjUL)
040 ## - CATALOGING SOURCE
Original cataloging agency BD-RjUL
Language of cataloging eng
Transcribing agency BD-RjUL
041 ## - LANGUAGE CODE
Language code of text/sound track or separate title urd
082 ## - DEWEY DECIMAL CLASSIFICATION NUMBER
Edition number 23
Classification number 891.4391
Author mark and year SHI 1982
100 1# - MAIN ENTRY--PERSONAL NAME
Personal name شبلي، محمد نعماني،,.
9 (RLIN) 5124
245 10 - TITLE STATEMENT
Title انتخابات شبلى : يعنى مولانا شبلى كى شعر العجم اور موازنه كا انتخاب جس مين كلام كى حسن وقبح اور عيب وهنر اور شعر كى حقيقت اور اصول تنقيد كى تشريح كى گئى هى # # aintikhabat shublaa : yuenaa mwlana shublaa kaa shier aleajam awr mawazinah ka aintikhab jasi min[sic] kalam kaa hasan waqubh awr eayb wahinr awar shaer kaa haqiqat awr aswl tanqid kaa tashrih kaa gya haaا /
Statement of responsibility, etc. Muhammad Noamani Shibli, Syed Suleiman Nadwi # # محمد نعماني شبلي،, سيد سليمان.ندوي
250 ## - EDITION STATEMENT
Edition statement 3rd.ed.
260 ## - PUBLICATION, DISTRIBUTION, ETC. (IMPRINT)
Place of publication, distribution, etc. اعظم گده :
Name of publisher, distributor, etc. مطبعۀ معارف پريس،,
Date of publication, distribution, etc. 1982
300 ## - PHYSICAL DESCRIPTION
Pagination ٢٢٠ص.
Size 22 cm
490 ## - SERIES STATEMENT
Series statement سلسلۀ دار المصنفين ;
Volume/sequential designation no. 61
700 ## - ADDED ENTRY--PERSONAL NAME
Personal name ندوي، سيد سليمان
830 ## - SERIES ADDED ENTRY--UNIFORM TITLE
Uniform title سلسلۀ دار المصنفين ؛
942 ## - ADDED ENTRY ELEMENTS (KOHA)
Source of classification or shelving scheme Dewey Decimal Classification
Koha item type Books
Holdings
Lost status Source of classification or shelving scheme Damaged status Not for loan Collection code Permanent Location Current Location Shelving location Date acquired Total Checkouts Full call number Date last seen Copy number Koha item type
  Dewey Decimal Classification   Not For Loan Non-fiction Central Library, University of Rajshahi Central Library, University of Rajshahi Reading Room 03/10/2022   U 891.4391 SHI 1982 03/10/2022 C-1 Books
  Dewey Decimal Classification     Non-fiction Central Library, University of Rajshahi Central Library, University of Rajshahi General Stacks     U 891.4391 SHI 1982 09/07/2025 C-2 Books
  Dewey Decimal Classification     Non-fiction Central Library, University of Rajshahi Central Library, University of Rajshahi General Stacks 09/07/2025   U 891.4391 SHI 1982 09/07/2025 C-3 Books
  Dewey Decimal Classification     Non-fiction Central Library, University of Rajshahi Central Library, University of Rajshahi General Stacks 23/07/2025   U 891.4391 SHI 1982 23/07/2025 C-4 Books